[Event "GER-ch Net blitz qual3"]
[Site "Playchess.com INT"]
[Date "2020.03.21"]
[Round "9"]
[White "Brautigam, Alexander"]
[Black "Helbig, Dirk"]
[Result "0-1"]
[WhiteElo "1794"]
[BlackElo "1596"]
[PlyCount "78"]
[EventDate "2020.03.21"]
[EventType "swiss (blitz)"]
[EventRounds "9"]
[EventCountry "GER"]
[SourceTitle "CBM 195 Extra"]
[Source "ChessBase"]
[SourceDate "2020.05.31"]
[SourceVersion "1"]
[SourceVersionDate "2020.05.31"]
[SourceQuality "1"]

1. e4 c5 2. Nf3 d6 3. d4 cxd4 4. Nxd4 Nc6 5. Nxc6 bxc6 6. Nc3 g6 7. Bc4 Bg7 8. Be3 Nf6 9. Qd2 0-0 10. Rb1 Ng4 11. 0-0 Nxe3 12. Qxe3 Bb7 13. f4 e6 14. f5 d5 15. exd5 cxd5 16. Bd3 d4 17. Qg3 dxc3 18. bxc3 exf5 19. Rxb7 Bxc3 20. Kh1 Qd5 21. Rb3 Be5 22. Qf3 Qd6 23. h3 Rab8 24. Qe3 Bd4 25. Qf3 Rbe8 26. Qb7 Re3 27. Bc4 Rxb3 28. axb3 Qg3 29. Rf3 Qe1+ 30. Rf1 Qe5 31. Qf3 Bb6 32. Rd1 Bc7 33. Kg1 Qh2+ 34. Kf1 Qh1+ 35. Kf2 Qh2 36. Rd3 Bb6+ 37. Ke2 Re8+ 38. Kd1 Qg1+ 39. Kd2 Qe1# 0-1

[Event "GER-ch Net blitz qual3"]
[Site "Playchess.com INT"]
[Date "2020.03.21"]
[Round "4"]
[White "Fischer, Darja"]
[Black "Brautigam, Alexander"]
[Result "1/2-1/2"]
[WhiteElo "1456"]
[BlackElo "1794"]
[PlyCount "113"]
[EventDate "2020.03.21"]
[EventType "swiss (blitz)"]
[EventRounds "9"]
[EventCountry "GER"]
[SourceTitle "CBM 195 Extra"]
[Source "ChessBase"]
[SourceDate "2020.05.31"]
[SourceVersion "1"]
[SourceVersionDate "2020.05.31"]
[SourceQuality "1"]

1. d4 Nf6 2. c4 e6 3. Nc3 b6 4. Bg5 Be7 5. Nf3 Bb7 6. e3 0-0 7. Bd3 h6 8. Bh4 d5 9. cxd5 Nxd5 10. Bxe7 Nxe7 11. Be4 Bxe4 12. Nxe4 Nd7 13. Qc2 Rc8 14. Rc1 Nd5 15. 0-0 Qe7 16. a3 c5 17. dxc5 Nxc5 18. Nxc5 Rxc5 19. Qd2 Rfc8 20. Rxc5 Rxc5 21. Rc1 Qc7 22. Rxc5 Qxc5 23. Nd4 Kf8 24. Qc2 Qxc2 25. Nxc2 Ke7 26. Kf1 Kd6 27. Ke2 Kc5 28. Kd3 Nf6 29. Nd4 a5 30. h3 g5 31. f4 gxf4 32. exf4 Nd5 33. g3 h5 34. f5 e5 35. Nf3 f6 36. Ke4 Ne7 37. g4 hxg4 38. hxg4 Kc4 39. g5 fxg5 40. Nxg5 Nxf5 41. Kxf5 Kb3 42. Ne4 Kxb2 43. a4 Kb3 44. Kxe5 Kxa4 45. Kd4 Kb3 46. Kd3 b5 47. Nc3 b4 48. Nb5 a4 49. Nd4+ Kb2 50. Kd2 b3 51. Nb5 a3 52. Nd6 Kb1 53. Nc4 a2 54. Na3+ Kb2 55. Nc4+ Ka1 56. Kc1 b2+ 57. Nxb2 1/2-1/2